00868cam a22002174a 45000010009000000050017000090080041000260200019000670410008000860800015000941000022001092450150001312500012002812640052002933000036003456530050003816530078004316530054005097000044005637000043006071698830120221114122554.0111004s2012 maua b 001 0 eng  a9780123838728x aeng a004.2 H-541 aHennessy, John L.10aComputer architecture :ba quantitative approach /cJohn L. Hennessy, David A. Patterson ; with contributions by Krste Asanović ́... [et al.]. a5th ed. aWaltham, MA :bMorgan Kaufmann/Elsevier,c2012. a493, [325] p. :bill. ;c24 cm. aComputer Architecture A Quantitative Approach aსაინფორმაციო ტექნოლოგიები aИнформационные технологии1 aPatterson, David A.eავტორი1 aAsanović, Krste.eავტორი